| 000 | 00487nam a22001457a 4500 | ||
|---|---|---|---|
| 003 | SGT | ||
| 082 |
_a617.63 _bM23V |
||
| 100 | _aVijay, Shruti | ||
| 245 | _aMorphometric analysis of Mental Foramen, Accessory mental foramen and Anterior Loop of inferior alveolar nerve canal using Cone Beam Computed Tomography | ||
| 260 |
_aGurugram, Haryana _bSGT University _c2023 |
||
| 300 | _a153 | ||
| 650 | _aOral Medicine and Radiology | ||
| 653 | _aOral Medicine and Radiology | ||
| 942 |
_2ddc _cTH |
||
| 999 |
_c23819 _d23819 |
||